DRAFTING PLEADINGS CONVEYANCING (Record no. 8902)

MARC details
000 -LEADER
fixed length control field 00427nam a22001697a 4500
005 - DATE AND TIME OF LATEST TRANSACTION
control field 20251014113208.0
008 - FIXED-LENGTH DATA ELEMENTS--GENERAL INFORMATION
fixed length control field 251013b |||||||| |||| 00| 0 eng d
020 ## - INTERNATIONAL STANDARD BOOK NUMBER
ISBN 978-93-87286-38-2
041 ## - LANGUAGE CODE
Language code of text/sound track or separate title eng
082 ## - DEWEY DECIMAL CLASSIFICATION NUMBER
Classification number 347.05 JAN-D
100 ## - MAIN ENTRY--AUTHOR NAME
Personal name JAIN, DR.ASHOK K
245 ## - TITLE STATEMENT
Title DRAFTING PLEADINGS CONVEYANCING
260 ## - PUBLICATION, DISTRIBUTION, ETC. (IMPRINT)
Place of publication DELHI
Name of publisher ASCENT PUBLICATIONS
300 ## - PHYSICAL DESCRIPTION
Number of Pages 354;P
650 ## - SUBJECT ADDED ENTRY--TOPICAL TERM
Topical Term LEGAL STUDIES
942 ## - ADDED ENTRY ELEMENTS (KOHA)
Koha item type Books
Holdings
Lost status Damaged status Collection code Home library Current library Shelving location Date acquired Source of acquisition Cost, normal purchase price Serial Enumeration / chronology Full call number Accession Number Koha item type
    Reference JRU Library JRU Library SHELF-1-A 13/10/2025 PURCHASE 250.00 LBI/000791, DATE-13-10-2025 347.05 29005 Books
    LAW JRU Library JRU Library SHELF-30-D 13/10/2025 PURCHASE 250.00 LBI/000791, DATE-13-10-2025 347.05 29006 Books
    LAW JRU Library JRU Library SHELF-30-D 13/10/2025 PURCHASE 250.00 LBI/000791, DATE-13-10-2025 347.05 29007 Books
    LAW JRU Library JRU Library SHELF-30-D 13/10/2025 PURCHASE 250.00 LBI/000791, DATE-13-10-2025 347.05 29008 Books
    LAW JRU Library JRU Library SHELF-30-D 13/10/2025 PURCHASE 250.00 LBI/000791, DATE-13-10-2025 347.05 29009 Books